000 00593nam a22001697a 4500
008 131010b xxu||||| |||| 00| 0 alb d
020 _a9951130151
041 0 _aalb
080 _a025.7/.9
245 0 0 _aProblemet e përgjithshme të ruajtjes dhe konservimit të materialit bibliotekar /
_cBedrije Mekolli.
260 _aPrishtinë :
_b[Biblioteka Kombëtare dhe Universitare e Kosovës] ;
_c2005
300 _a44 f. :
_bme il.;
_c19 cm.
650 0 _aLibrat
_xRuajtja dhe restaurimi
700 _aBiblioteka Kombëtare dhe Universitare e Kosovës
700 _aMekolli, Bedrije
942 _2udc
_cBK
999 _c95
_d95